[Event "Dimitrovgrad Chmp. 2024 open"]
[Site "Dimitrovgrad"]
[Date "2024.04.14"]
[Round "8"]
[White "Lazutin, Valeriy"]
[Black "Beldyugin, Alexey"]
[Result "0-1"]
[WhiteElo "1870"]
[BlackElo "2143"]
[PlyCount "52"]

1. c4 c5 2. Nc3 b6 3. Nf3 Bb7 4. d4 cxd4 5. Nxd4 Nf6 6. f3 g6 7. e4 d6 8. Be3
Bg7 9. Be2 Nbd7 10. Qd2 h5 11. h4 Rc8 12. Rc1 a6 13. b3 Ne5 14. O-O O-O 15. Nd5
e6 16. Nxb6 Qxb6 17. Nxe6 Qc6 18. Nxg7 Rfd8 19. Bh6 Kh7 20. Qg5 Ng8 21. Nxh5 f6
22. Nxf6+ Nxf6 23. Qxf6 Kxh6 24. Qg5+ Kg7 25. h5 Qc5+ 26. Kh2 Nxf3+ 0-1

[Event "Dimitrovgrad Chmp. 2024 open"]
[Site "Dimitrovgrad"]
[Date "2024.04.14"]
[Round "8"]
[White "Bredihin, Dmitriy"]
[Black "Zalenov, Yuri"]
[Result "1-0"]
[WhiteElo "2111"]
[BlackElo "2119"]
[PlyCount "91"]

1. Nf3 d5 2. d4 Nf6 3. c4 c6 4. Nc3 dxc4 5. a4 Bf5 6. e3 e6 7. Bxc4 Bb4 8. O-O
O-O 9. Qe2 Nbd7 10. Rd1 Qe7 11. e4 Bg4 12. h3 Bxf3 13. Qxf3 e5 14. d5 Rad8 15.
Bg5 h6 16. Bh4 Qc5 17. Bb3 Qb6 18. Rab1 Bc5 19. Ba2 Qb4 20. dxc6 bxc6 21. Rxd7
Rxd7 22. Bxf6 Qd4 23. Bh4 Rb7 24. Rd1 Qb4 25. Rd2 Bd4 26. Kh2 a5 27. Qg4 Qd6
28. Bc4 Kh7 29. b3 g6 30. Rd3 f5 31. exf5 gxf5 32. Qd1 Rg7 33. f4 Qb4 34. Ne2
c5 35. Nxd4 cxd4 36. fxe5 Qc5 37. Bf6 Rd7 38. Qe2 Qc7 39. Kh1 Re8 40. Qf3 Rxe5
41. Bxe5 Qxe5 42. Rd1 Rg7 43. Bd3 Rg5 44. h4 Rg3 45. Qxf5+ Qxf5 46. Bxf5+ 1-0

[Event "Dimitrovgrad Chmp. 2024 open"]
[Site "Dimitrovgrad"]
[Date "2024.04.14"]
[Round "8"]
[White "Rudnev, Yuri"]
[Black "Alachihin, Vladimir"]
[Result "0-1"]
[WhiteElo "1901"]
[BlackElo "2299"]
[PlyCount "101"]

1. e4 c6 2. d4 Na6 3. Nc3 Nc7 4. Bd3 g6 5. Nf3 Bg7 6. O-O Nh6 7. Bf4 f6 8. e5
Nf7 9. exf6 exf6 10. Re1+ Ne6 11. d5 cxd5 12. Nxd5 O-O 13. Bd2 d6 14. Bc4 Ne5
15. Bb3 Kh8 16. Bc3 Nc5 17. Nd4 Bd7 18. f4 Nc6 19. Nb5 Bf5 20. Ne3 Nxb3 21.
axb3 Qb6 22. Nd4 Rae8 23. Nexf5 gxf5 24. Rxe8 Rxe8 25. Kh1 Nxd4 26. Bxd4 Qc6
27. c3 a6 28. Qh5 Qe4 29. h3 Re7 30. Rf1 Qc2 31. b4 Kg8 32. Qh4 Re2 33. Qg3 Kf7
34. Qf3 Qe4 35. Qh5+ Kg8 36. Rf3 Re1+ 37. Kh2 Kh8 38. Qf7 Qe7 39. Qd5 Qd7 40.
c4 Re7 41. Bc3 Qe6 42. Rd3 Bh6 43. Qxe6 Rxe6 44. Kg3 Re4 45. Bxf6+ Kg8 46. Bc3
Bxf4+ 47. Kf3 Rxc4 48. Rd5 Be5 49. Bxe5 dxe5 50. Rd8+ Kf7 51. Rd7+ 0-1

[Event "Dimitrovgrad Chmp. 2024 open"]
[Site "Dimitrovgrad"]
[Date "2024.04.14"]
[Round "8"]
[White "Akimov, Gennadiy"]
[Black "Kuprikov, Alexey"]
[Result "1-0"]
[WhiteElo "1923"]
[BlackElo "1416"]
[PlyCount "101"]

1. e4 e6 2. Nc3 d5 3. d4 Nf6 4. e5 Nfd7 5. f4 c5 6. Nf3 Nc6 7. Be3 Qb6 8. b3
cxd4 9. Bxd4 Nxd4 10. Nxd4 Bc5 11. Nce2 O-O 12. c3 f6 13. exf6 Nxf6 14. b4 Bd6
15. g3 e5 16. fxe5 Bxe5 17. Bg2 Ne4 18. Bxe4 dxe4 19. Qc2 Bg4 20. O-O-O Rac8
21. Kb2 Kh8 22. Rhe1 a5 23. a3 axb4 24. axb4 Bf3 25. Qb3 Rfd8 26. Rd2 Qh6 27.
Rc2 Qxh2 28. Nxf3 exf3 29. Nd4 Qxg3 30. Nxf3 Bxc3+ 31. Rxc3 Qf2+ 32. Kb1 g5 33.
Qb2 Qxb2+ 34. Kxb2 g4 35. Ng5 Rd2+ 36. Kb3 Rxc3+ 37. Kxc3 Rd7 38. Rh1 g3 39.
Rg1 Rg7 40. Rxg3 Rc7+ 41. Kd4 Kg7 42. Ne4+ Kf7 43. b5 Ke6 44. Rh3 Rg7 45. Rh6+
Ke7 46. Kd5 Kd8 47. Nc5 Rg5+ 48. Kd6 Kc8 49. Rxh7 Rg6+ 50. Ne6 b6 51. Re7 1-0

[Event "Dimitrovgrad Chmp. 2024 open"]
[Site "Dimitrovgrad"]
[Date "2024.04.14"]
[Round "8"]
[White "Merzlyakov, Alexander"]
[Black "Abramov, Gordey P."]
[Result "0-1"]
[WhiteElo "1000"]
[BlackElo "1512"]
[PlyCount "110"]

1. e4 c5 2. Nf3 d6 3. Bc4 Nc6 4. Nc3 g6 5. O-O Bg7 6. d3 e6 7. Be3 Nge7 8. Qd2
O-O 9. Bh6 a6 10. Bxg7 Kxg7 11. a3 Nd4 12. Nxd4 cxd4 13. Ne2 e5 14. c3 b5 15.
Ba2 dxc3 16. bxc3 Bb7 17. Qe3 Re8 18. f3 d5 19. Rad1 Qc7 20. d4 f6 21. dxe5
Qxe5 22. Ng3 dxe4 23. fxe4 Rad8 24. Bb1 Nd5 25. Qd4 Qxd4+ 26. Rxd4 Nxc3 27.
Rxd8 Rxd8 28. Bc2 Re8 29. Re1 Re5 30. Re3 Nd5 31. Rd3 Ne7 32. Re3 Nc6 33. Bb1
Na5 34. Rc3 Re7 {0} 35. Rc1 Nc4 36. Rc3 Nd2 37. Bc2 Nxe4 38. Nxe4 Bxe4 39. Bxe4
Rxe4 40. Rc7+ Kg8 41. Rc8+ Kf7 42. Rc7+ Re7 43. Rc6 Ra7 44. Rb6 g5 45. g4 Rd7
46. Rxa6 Rd4 47. Rb6 Rxg4+ 48. Kf2 Ra4 49. Rxb5 Rxa3 50. Rb7+ Kg6 51. Rb4 h5
52. Re4 Ra2+ 53. Kf3 g4+ 54. Kg3 Kg5 55. Re3 h4# 0-1

[Event "Dimitrovgrad Chmp. 2024 open"]
[Site "Dimitrovgrad"]
[Date "2024.04.14"]
[Round "8"]
[White "Shaykin, Andrey"]
[Black "Tyamanov, Andrey"]
[Result "1-0"]
[WhiteElo "1446"]
[BlackElo "1250"]
[PlyCount "79"]

1. e4 c6 2. d4 d5 3. exd5 cxd5 4. Nf3 Nc6 5. Bb5 Bd7 6. c3 Nf6 7. Bf4 g6 8. h3
Bg7 9. Qc1 h6 10. Na3 Ne4 11. Bd3 Bf5 12. Nb5 Kf8 13. O-O Ng3 14. Bxf5 Nxf5 15.
Re1 f6 16. Qd1 Qd7 17. Qb3 g5 18. Bh2 Na5 19. Qb4 b6 20. Nc7 Rc8 21. Ne6+ Kg8
22. g4 Nd6 23. Bxd6 Qxd6 24. Qxd6 exd6 25. Nxg7 Kxg7 26. Re7+ Kf8 27. Rxa7 Re8
28. Re1 Nc4 29. Rxe8+ Kxe8 30. Ra8+ Kf7 31. Rxh8 Nxb2 32. Rxh6 b5 33. Nd2 b4
34. cxb4 Nc4 35. Nb3 f5 36. gxf5 g4 37. hxg4 Na5 38. Nxa5 Ke7 39. f6+ Kf7 40.
g5 1-0

[Event "Dimitrovgrad Chmp. 2024 open"]
[Site "Dimitrovgrad"]
[Date "2024.04.14"]
[Round "8"]
[White "Kondyurin, Yakov"]
[Black "Kiselev, Artem"]
[Result "1/2-1/2"]
[WhiteElo "1000"]
[BlackElo "1476"]
[PlyCount "65"]
[SourceVersionDate "2024.04.21"]

1. e4 c5 2. Bc4 d6 3. Qf3 Nf6 4. h3 e6 5. Bb5+ Nbd7 6. Bxd7+ Qxd7 7. Nc3 Be7 8.
d3 O-O 9. h4 b6 10. Bg5 Bb7 11. h5 Nxe4 12. Nxe4 Bxe4 13. Qxe4 Bxg5 14. Nf3 Bf6
15. h6 g6 16. Qf4 Bxb2 17. d4 Bc3+ 18. Kd1 Qe7 19. Rb1 Rac8 20. Rb3 cxd4 21.
Rh3 e5 22. Qe4 Qe6 23. Qh4 Rc7 24. Ng5 Qc4 25. Rd3 e4 26. Nxe4 f5 27. Nf6+ Kh8
28. a3 d5 29. Qf4 Rxf6 30. Qe5 Rcf7 31. Rbxc3 dxc3 32. Rxc3 Qa6 33. Rc6 1/2-1/2

[Event "Dimitrovgrad Chmp. 2024 open"]
[Site "Dimitrovgrad"]
[Date "2024.04.14"]
[Round "8"]
[White "Volgarev, Denis"]
[Black "Predke, Nikolay"]
[Result "1-0"]
[WhiteElo "1930"]
[BlackElo "1150"]
[PlyCount "78"]

1. d4 d5 2. c4 Nf6 3. Nf3 dxc4 4. g3 Nc6 5. Bg2 Bg4 6. e3 g6 7. Qa4 Bg7 8. Ne5
O-O 9. Nxc6 bxc6 10. Qxc6 e5 11. Qxa8 Qxa8 12. Bxa8 Rxa8 13. dxe5 Rd8 14. O-O
Nd7 15. f4 Nc5 16. Nc3 Nd3 17. Kg2 Nxc1 18. Raxc1 f6 19. exf6 Bxf6 20. e4 Rd2+
21. Rf2 Bh3+ 22. Kxh3 Rxf2 23. e5 Bh8 24. Ne4 Rxb2 25. Rxc4 Rxa2 26. Rxc7 Re2
27. Rc8+ Kg7 28. Nf6 a5 29. Rg8+ Kf7 30. Rxh8 a4 31. Rxh7+ Ke6 32. Ra7 Ra2 33.
Ra6+ Kf5 34. Nd5 a3 35. Rf6+ Ke4 36. Nc3+ Kd3 37. Nxa2 Kc2 38. e6 Kb2 39. e7
Kxa2 1-0

[Event "Dimitrovgrad Chmp. 2024 open"]
[Site "Dimitrovgrad"]
[Date "2024.04.14"]
[Round "9"]
[White "Beldyugin, Alexey"]
[Black "Akimov, Gennadiy"]
[Result "1-0"]
[WhiteElo "2143"]
[BlackElo "1923"]
[PlyCount "131"]

1. c4 e6 2. Nf3 Nf6 3. g3 d5 4. Bg2 Be7 5. O-O O-O 6. d4 c6 7. Qc2 h6 8. Nbd2
Nbd7 9. e4 dxe4 10. Nxe4 Nxe4 11. Qxe4 Nf6 12. Qe2 Nh7 13. Rd1 Ng5 14. Ne5 Bf6
15. Be3 Qa5 16. Qd2 Qxd2 17. Rxd2 Rd8 18. Rad1 Bd7 19. Nd3 Be8 20. Nc5 b6 21.
Nd3 Rac8 22. f4 Nh7 23. Ne5 Nf8 24. Kf2 Ng6 25. Ke2 Ne7 26. Ng4 Nf5 27. Nxf6+
gxf6 28. Bf2 Ne7 29. g4 Kg7 30. Rd3 Ng6 31. Bg3 Ne7 32. Bf3 Ng6 33. h4 Ne7 34.
h5 Kf8 35. Bh4 Kg7 36. Rg1 c5 37. dxc5 Rxd3 38. Kxd3 Rxc5 39. g5 fxg5 40. fxg5
Nf5 41. gxh6+ Kxh6 42. Bf6 Rc8 43. Bg5+ Kh7 44. b4 Bc6 45. Bxc6 Rxc6 46. Bf4
Rc8 47. Be5 Rd8+ 48. Kc3 Kh6 49. Rh1 Rc8 50. a4 Ne7 51. b5 Ng8 52. a5 f6 53.
Bf4+ Kh7 54. axb6 axb6 55. Ra1 e5 56. Ra7+ Kh8 57. Be3 Rb8 58. Ra6 f5 59. Bxb6
f4 60. Bc7 Re8 61. b6 f3 62. b7 f2 63. Ra1 e4 64. b8=Q Rxb8 65. Bxb8 e3 66. Ba7
1-0

[Date "2024.04.14"]
[Round "9"]
[White "Bredihin, Dmitriy"]
[Black "Lazutin, Valeriy"]
[Result "1-0"]
[WhiteElo "2111"]
[BlackElo "1870"]
[PlyCount "93"]

1. Nf3 Nf6 2. c4 e6 3. g3 d5 4. d4 c6 5. Bg2 Bb4+ 6. Bd2 Bd6 7. Nc3 O-O 8. O-O
Nbd7 9. Qc2 Bc7 10. Rad1 dxc4 11. Bg5 h6 12. Bxf6 Nxf6 13. Ne5 Bd7 14. Nxc4 Qe7
15. e4 Rac8 16. Qb3 b6 17. Rfe1 Rfd8 18. e5 Nd5 19. Ne4 Qb4 20. Qc2 Qe7 21. a3
f6 22. exf6 gxf6 23. Qe2 b5 24. Ne3 Qf7 25. Qf3 f5 26. Nc5 Re8 27. Nd3 Kg7 28.
Nf1 f4 29. Nd2 fxg3 30. Qxf7+ Kxf7 31. hxg3 Bb6 32. Ne4 Ke7 33. Nec5 Rc7 34.
Bh3 Kd6 35. Re5 Bc8 36. Ne4+ Ke7 37. Ndc5 Bxc5 38. Nxc5 Kf6 39. Rde1 Rce7 40.
Ne4+ Kg6 41. Nd6 Rd8 42. Nxc8 Rxc8 43. Bxe6 Rce8 44. Bxd5 Rxe5 45. Rxe5 Rxe5
46. dxe5 cxd5 47. f4 1-0

[Event "Dimitrovgrad Chmp. 2024 open"]
[Site "Dimitrovgrad"]
[Date "2024.04.14"]
[Round "9"]
[White "Alachihin, Vladimir"]
[Black "Shaykin, Andrey"]
[Result "1-0"]
[WhiteElo "2299"]
[BlackElo "1446"]
[PlyCount "60"]

1. d4 d5 2. c4 c6 3. Nf3 Nf6 4. Nc3 Bf5 5. Qb3 Qb6 6. c5 Qxb3 7. axb3 Na6 8.
Bf4 Nb4 9. Ra4 Na6 10. e3 Nb8 11. Bxb8 Rxb8 12. Rxa7 Bc2 13. b4 Ne4 14. Nxe4
Bxe4 15. Kd2 e6 16. Bd3 Bxf3 17. gxf3 Be7 18. b5 f6 19. Kc3 Kd7 20. b6 g6 21.
Rha1 Rhe8 22. b4 e5 23. b5 Rec8 24. bxc6+ Kxc6 25. Kb4 Kd7 26. Ba6 Ke6 27. Bxb7
Rd8 28. Kb5 Rbc8 29. Bxc8+ Rxc8 30. Rxe7+ Kxe7 1-0

[Event "Dimitrovgrad Chmp. 2024 open"]
[Site "Dimitrovgrad"]
[Date "2024.04.14"]
[Round "9"]
[White "Abramov, Gordey P."]
[Black "Zaletov, Yuri"]
[Result "0-1"]
[WhiteElo "1512"]
[BlackElo "2119"]
[PlyCount "98"]

1. Nf3 d5 2. d4 Nf6 3. c4 c6 4. g3 dxc4 5. Bg2 Bf5 6. Nbd2 Qa5 7. O-O c3 8. Qb3
cxb2 9. Bxb2 Qb6 10. Nc4 Qxb3 11. axb3 Nbd7 12. Rac1 e6 13. Nfe5 Nxe5 14. Nxe5
Be4 15. f3 Bd5 16. Rc3 Bb4 17. Rd3 c5 18. e4 Bc6 19. Nxc6 bxc6 20. Rc1 Rd8 21.
e5 Ng8 22. Rdd1 Ne7 23. Kh1 cxd4 24. Rxd4 c5 25. Rxd8+ Kxd8 26. Bc3 Kd7 27.
Bxb4 cxb4 28. Ra1 Rc8 29. Rxa7+ Rc7 30. Ra1 Nd5 31. f4 Rc3 32. Rb1 Kc6 33. Kg1
Kc5 34. Rb2 Ne3 35. Bf1 Rc1 36. Rf2 Nxf1 37. Rxf1 Rxf1+ 38. Kxf1 Kd4 39. g4 Ke4
40. Ke2 Kxf4 41. Kd3 Kxe5 42. Kc4 f5 43. gxf5 exf5 44. Kxb4 f4 45. Kc3 g5 46.
b4 Kd5 47. Kd3 h5 48. b5 g4 49. b6 Kc6 0-1

[Event "Dimitrovgrad Chmp. 2024 open"]
[Site "Dimitrovgrad"]
[Date "2024.04.14"]
[Round "9"]
[White "Kuprikov, Alexey"]
[Black "Ataev, Gasan"]
[Result "0-1"]
[WhiteElo "1416"]
[BlackElo "1055"]
[PlyCount "70"]

1. e4 e5 2. Nf3 Nc6 3. d4 exd4 4. Bc4 Nf6 5. e5 d5 6. Bb5 Nd7 7. O-O Be7 8.
Bxc6 bxc6 9. Nxd4 Nxe5 10. Re1 Bd6 11. Nxc6 Qf6 12. Nxe5 Bxe5 13. f4 O-O 14.
Rxe5 Be6 15. b3 Rad8 16. Bb2 Qxf4 17. Nd2 d4 18. Nf3 Bg4 19. Qe2 Rd7 20. Re4
Qf5 21. Nxd4 Rxd4 22. Qxg4 Qxe4 23. Qg3 c5 24. Bxd4 Qxd4+ 25. Kf1 Qxa1+ 26. Ke2
Re8+ 27. Kd2 Qd4+ 28. Kc1 Rd8 29. Kb1 h6 30. a4 c4 31. Ka2 Qd2 32. Ka3 Qxc2 33.
Kb4 cxb3 34. Qh4 Rb8+ 35. Ka5 Qc5+ 0-1

[Event "Dimitrovgrad Chmp. 2024 open"]
[Site "Dimitrovgrad"]
[Date "2024.04.14"]
[Round "9"]
[White "Volgarev, Denis"]
[Black "Merzlyakov, Alexandr"]
[Result "1-0"]
[WhiteElo "1930"]
[BlackElo "1000"]
[PlyCount "83"]

1. d4 d5 2. c4 Nf6 3. Nc3 Bf5 4. Nf3 dxc4 5. e3 g6 6. Bxc4 Bg7 7. Qb3 O-O 8.
Qxb7 Nbd7 9. O-O h6 10. Nh4 Be6 11. Bxe6 fxe6 12. Nxg6 Rf7 13. b3 Kh7 14. Nf4
e5 15. Ne6 Qc8 16. Qxc8 Rxc8 17. d5 c6 18. dxc6 Rxc6 19. Nd8 Rxc3 20. Nxf7 Kg6
21. Bb2 Rc5 22. Nd8 Rc8 23. Ne6 Bh8 24. Rac1 Rb8 25. Rc7 Rb6 26. Nc5 Nxc5 27.
Rxc5 Nd7 28. Rc7 Rd6 29. Ba3 Ra6 30. Bxe7 Nb6 31. Rc6+ Kh7 32. Bc5 Rxa2 33.
Bxb6 axb6 34. Rxb6 Rb2 35. g3 Kg7 36. Rc1 Kh7 37. Rc7+ Bg7 38. Rbb7 Rb1+ 39.
Kg2 Rd1 40. Rxg7+ Kh8 41. Rgd7 Rxd7 42. Rxd7 1-0

[Event "Dimitrovgrad Chmp. 2024 open"]
[Site "Dimitrovgrad"]
[Date "2024.04.14"]
[Round "9"]
[White "Predke, Nikolay"]
[Black "Rudnev, Yuri"]
[Result "0-1"]
[WhiteElo "1150"]
[BlackElo "1901"]
[PlyCount "68"]

1. e4 c5 2. Nf3 d6 3. Nc3 Nf6 4. d4 cxd4 5. Bb5+ Nc6 6. Nxd4 Bd7 7. Nxc6 bxc6
8. Ba4 g6 9. Bg5 Bg7 10. Qf3 Qa5 11. O-O-O Qxg5+ 12. Kb1 O-O 13. h4 Qa5 14.
Rdg1 Ng4 15. Bb3 Qc5 16. Nd1 a5 17. a4 h5 18. Qe2 Be6 19. Bxe6 fxe6 20. f3 Ne5
21. g4 Nxf3 22. Rg3 hxg4 23. h5 gxh5 24. Rxh5 Qxh5 25. Qd3 Rab8 26. Qe3 Qe5 27.
Qa3 Qxg3 28. Ka2 Qe1 29. Nc3 Bxc3 30. Qxc3 Qxc3 31. bxc3 Rf4 32. Ka3 Rxe4 33.
c4 Rxc4 34. Ka2 Rxa4# 0-1

[Event "Dimitrovgrad Chmp. 2024 open"]
[Site "Dimitrovgrad"]
[Date "2024.04.14"]
[Round "9"]
[White "Kiselev, Artem"]
[Black "Tyamanov, Andrey"]
[Result "1-0"]
[WhiteElo "1476"]
[BlackElo "1250"]
[PlyCount "69"]

1. d4 d5 2. c4 c6 3. Nc3 Nf6 4. Nf3 Be6 5. Bf4 g6 6. e3 Bg7 7. Be2 dxc4 8. O-O
Nd5 9. Bg3 O-O 10. Ne4 Nd7 11. Qd2 b5 12. Nc3 f5 13. a4 Nxc3 14. bxc3 Nf6 15.
Qb2 a6 16. Ne5 Bd5 17. h3 Ne4 18. Bh2 e6 19. a5 c5 20. f3 Nf6 21. dxc5 Nd7 22.
Nxd7 Qxd7 23. Rad1 Qc6 24. Bd6 Rf7 25. Rf2 Bf8 26. Qd2 Rd8 27. Qd4 Bxd6 28.
cxd6 Rfd7 29. Qh4 Rxd6 30. Rdf1 Qa8 31. e4 fxe4 32. fxe4 Bxe4 33. Rf7 h5 34.
Qf6 Bd3 35. Qg7# 1-0

[Event "Dimitrovgrad Chmp. 2024 open"]
[Site "Dimitrovgrad"]
[Date "2024.04.14"]
[Round "9"]
[White "Guliev, Fahraddin"]
[Black "Kondyurin, Yakov"]
[Result "1-0"]
[WhiteElo "1807"]
[BlackElo "1000"]
[PlyCount "51"]

1. e4 e5 2. Nf3 d6 3. Bc4 Bg4 4. d3 Bxf3 5. Qxf3 Qf6 6. Qg3 h6 7. Nc3 c6 8. O-O
b5 9. Bb3 g5 10. Qg4 Nd7 11. h4 gxh4 12. f4 h5 13. Qh3 Qg6 14. fxe5 Nxe5 15. d4
Nc4 16. d5 Ne7 17. dxc6 Nxc6 18. Nxb5 N6e5 19. Nc7+ Kd8 20. Nxa8 Qxe4 21. Bxc4
Rg8 22. Bd3 Nxd3 23. cxd3 Qd5 24. Be3 Rg3 25. Qxh4+ Be7 26. Qxg3 1-0